| 000 | 01428nam a22001577a 4500 | ||
|---|---|---|---|
| 999 |
_c521110 _d521110 |
||
| 008 | 221215b ||||| |||| 00| 0 eng d | ||
| 100 |
_aHe, Qinghua et al _936245 |
||
| 245 | _aThe dark side of environmental sustainability in projects: Unraveling greenwashing behaviors | ||
| 260 | _aProject Management Journal | ||
| 300 | _a53(4), Aug, 2022: p.349-366 | ||
| 520 | _aGreenwashing behaviors (GWBs) are positive environmental communications in combination with poor environmental performance. Using fraud triangle theory, this study investigated the effects of three types of factors (pressures, opportunities, and rationalizations) that shape contractor GWBs. Primary data from 586 respondents were analyzed using structural equation modeling (SEM) and fuzzy-set qualitative comparative analysis (fsQCA). The SEM results indicate positive effects for these factors with the exception of isomorphic pressures and reveal the mediating role of rationalization. The fsQCA results present three configurational models that trigger GWBs. Theoretical and managerial implications are provided that shed new light on facilitating environmental sustainability in projects.- Reproduced | ||
| 650 |
_aGreenwashing behaviors (GWBs), Fraud triangle theory, Structural equation modelling, Configuration analysis, Environmental sustainability _934358 |
||
| 773 | _aProject Management Journal | ||
| 906 | _aENVIRONMENT | ||
| 942 | _cAR | ||